000 01231cam a22003377a 4500
001 2643
003 FISKH
005 20240108115920.0
008 110112s2010 nyu c 000 1 eng d
010 _a 2010284311
020 _a9781416987017 (pbk.)
020 _a9780545318990
020 _a1416987010 (pbk.)
035 _a(OCoLC)ocn419814288
040 _aBTCTA
_cBTCTA
_dZHB
_dOCO
_dJST
_dB2A
_dDLC
_beng
042 _alccopycat
050 0 0 _aPZ7.R2103
_bRu 2010
082 _a310
100 1 _aRayburn, Tricia.
245 1 0 _aRuby's slippers /
_cTricia Rayburn.
250 _aFirst Scholastic printing, November 2010
260 _aNew York :
_bScholastic,
_c2010
300 _a340 pages ;
_c20 cm.
520 _aUp until this point, Ruby Lee's slippers have been a pair of red Converse sneakers. But everything changes dramatically when her mother uproots the family and moves them to Florida to care for Ruby's grandmother.
650 0 _aMiddle school students
_vJuvenile fiction.
650 0 _aMiddle schools
_vJuvenile fiction.
650 0 _aSelf-confidence
_vJuvenile fiction.
650 0 _aInterpersonal relations
_vJuvenile fiction.
906 _a7
_bcbc
_ccopycat
_d2
_encip
_f20
_gy-gencatlg
942 _2ddc
_cBK
_n0
999 _c2643
_d2643